| 000 -LEADER |
| fixed length control field |
01018nam a22002297a 4500 |
| 005 - DATE AND TIME OF LATEST TRANSACTION |
| control field |
20241119112632.0 |
| 008 - FIXED-LENGTH DATA ELEMENTS--GENERAL INFORMATION |
| fixed length control field |
241119b ||||| |||| 00| 0 eng d |
| 020 ## - INTERNATIONAL STANDARD BOOK NUMBER |
| International Standard Book Number |
9781782959564 |
| 040 ## - CATALOGING SOURCE |
| Transcribing agency |
KH8 |
| 082 ## - DEWEY DECIMAL CLASSIFICATION NUMBER |
| Classification number |
FIC GRA |
| 100 ## - MAIN ENTRY--PERSONAL NAME |
| Personal name |
Gray, Kes |
| Relator term |
Author |
| 245 ## - TITLE STATEMENT |
| Title |
Daisy and the trouble with giants |
| Statement of responsibility, etc. |
Kes Gray |
| 260 ## - PUBLICATION, DISTRIBUTION, ETC. |
| Place of publication, distribution, etc. |
London, |
| Name of publisher, distributor, etc. |
Red Fox, |
| Date of publication, distribution, etc. |
2020 |
| 300 ## - PHYSICAL DESCRIPTION |
| Extent |
220 pages : |
| Other physical details |
illustrations ; |
| Dimensions |
20 cm |
| 440 ## - SERIES STATEMENT/ADDED ENTRY--TITLE |
| Title |
Daisy adventures |
| 520 ## - SUMMARY, ETC. |
| Summary, etc. |
Fee Fi Fo Fum! What has Daisy gone and done?! Daisy has decided she wants to meet a REAL giant! Trouble is, if you want to meet a giant you need a magic bean. And finding magic beans can be troublesome. The trouble with giants is they really shouldn't live at the top of magic beanstalks. If giants didn't live at the top of magic beanstalks then Daisy is convinced that she wouldn't have got into big trouble again! |
| 521 ## - TARGET AUDIENCE NOTE |
| Target audience note |
Children's stories |
| 650 ## - SUBJECT ADDED ENTRY--TOPICAL TERM |
| Topical term or geographic name entry element |
Fiction |
| 650 ## - SUBJECT ADDED ENTRY--TOPICAL TERM |
| Topical term or geographic name entry element |
Giants |
| Form subdivision |
Folklore |
| 650 ## - SUBJECT ADDED ENTRY--TOPICAL TERM |
| Topical term or geographic name entry element |
General Stories |
| 942 ## - ADDED ENTRY ELEMENTS (KOHA) |
| Source of classification or shelving scheme |
|
| Koha item type |
Books - Fiction |